000
00319nam a22000977a 4500
005
20250901165614.0
008
240321b |||||||| |||| 00| 0 eng d
050
_a
QA76 AA53 2003
245
_a
A + GUIDE TO SOFTWARE:MANAGING,MAINTAINING, AND TROUBLESHOOTING
_c
Andrews, Jean
942
_2
lcc
_h
QA76 AA53 2003
999
_c
6571
_d
6571